000 00256nam a22001217a 4500
008 170320b xxu||||| |||| 00| 0 eng d
041 _aeng
080 _a616.8
100 _a7
101 _ashm
245 _aBIPOLAR DISEASES
_cKETTER, T.A
942 _2udc
_cBK
999 _c8077
_d8077